| 000 | 01380nam a22003377a 4500 | ||
|---|---|---|---|
| 003 | CHAP | ||
| 005 | 20220329135452.0 | ||
| 008 | 971013s1977 r 00010 d | ||
| 010 | _a37033 | ||
| 011 | _a38005 | ||
| 035 | _a42125 | ||
| 040 | _cCHAP | ||
| 082 |
_a631.7 _bM4 1977 |
||
| 110 |
_aMéxico. Dirección General de Distritos y Unidades de Riego _976972 |
||
| 245 | _aCaracterísticas de los distritos de riego | ||
| 250 | _a6 ed. | ||
| 260 |
_aMéxico, D.F. : _bLa Dirección, _c1977 |
||
| 300 |
_a3 v. _b; gráfs |
||
| 505 | _aContenido: v.1 Regiones Noroeste y Centro Norte.- v.2 Regiones Noreste, Centro II y Sur.- v.3 Regiones Centro I. | ||
| 590 |
_aBATCH-UPD _b10 _c20130110 _lUCH01 _h1305 |
||
| 590 |
_aCONVERSION _b10 _c20130109 _lUCH01 _h1321 |
||
| 650 | 1 | 4 |
_aDistritos de riego. _932966 |
| 901 | _aBK | ||
| 942 | _cLIBRO | ||
| 949 |
_a631.7 M4 1977 _bBC _cLIBRO _d-96913 _eLIBRO _fv.1 _h47220 _i42125 _mD _si |
||
| 949 |
_a631.7 M4 1977 _bBC _cLIBRO _d33724000168423 _eLIBRO _fv.1 c.2 _h63198 _i42125 _mD _si |
||
| 949 |
_a631.7 M4 1977 _bBC _cLIBRO _d33724000168431 _eLIBRO _fv.2 _h47221 _i42125 _mD _si |
||
| 949 |
_a631.7 M4 1977 _bBC _cLIBRO _d33724000168530 _eLIBRO _fv.2 c.2 _h63199 _i42125 _mD _si |
||
| 949 |
_a631.7 M4 1977 _bBC _cLIBRO _d33724000168548 _eLIBRO _fv.3 _h47222 _i42125 _mD _si |
||
| 949 |
_a631.7 M4 1977 _bBC _cLIBRO _d33724000168555 _eLIBRO _fv.3 c.2 _h63200 _i42125 _mD _si |
||
| 999 |
_c37033 _d37033 |
||